000 00577nam a2200205Ia 4500
005 20250923145251.0
008 008 250917s9999 xx 000 0 eng d
037 _aTextual
040 _aDSWL
_beng
_cDSWL
041 _aeng
_2eng
084 _aYX,ZF.56, N69
_qDSWL
100 _aGoetschius, G.W.
_9833502
245 0 _aWorking with community Groups
_cby G.W Goetschius
260 _aLondon
_b Routledge & Kegan Paul
_c1969
300 _axix,250p.
365 _aGBP
_b1.25
925 _g1.25
942 _cTEXL
_hYX,ZF.56, N69
999 _c1449214
_d1449214